Manipulación genética de plantas para adaptación a regiones desérticas

Збережено в:
Бібліографічні деталі
Автори: Escalera, Mariano de la (Автор), Call Morales, Julio (Автор)
Формат: Книга
Мова:Іспанська
Опубліковано: Madrid INIA 1990
Серія:Monografías INIA, 72
Предмети:
Теги: Додати тег
Немає тегів, Будьте першим, хто поставить тег для цього запису!

MARC

LEADER 00000nam a2200000 a 4500
001 UCV7371
003 CL-VaPUC
008 911007e19900000SP |||||||||||||||||spa|d
082 0 4 |a 581.15  |b ESC  |2 21 
100 0 |a Escalera, Mariano de la  |e author  |9 301472 
700 0 |a Call Morales, Julio  |e author  |9 301473 
245 1 0 |a Manipulación genética de plantas para adaptación a regiones desérticas 
300 |a 112 p 
942 |c BK 
945 |d 19911007 00:00:00 
260 |a Madrid  |b INIA  |c 1990 
650 0 |a Genética vegetal  |9 264341 
583 |a last modification  |c 19911007 00:00:00  |k Rodrigo Vera 
490 0 |a Monografías INIA, 72 
999 |c 213062  |d 213060